Beati pauperes a iné eseje

Bibliographic Details
Main Author: Lahita, Štefan (Author)
Format: Book
Language:Slovak
PhysicalDescription:95 s. 21 cm
Published: [Bratislava] Iris 2015
ISBN:9788081530432
Edition:1. vyd.
Subjects:

MARC

LEADER 00000nam a2200000 a 4500
001 vtls011426537
003 SK-MaSNL
005 20260301134639.0
008 240318s2015 xo g n 000 0 slo
015 |a SNBA2015/12 
020 |a 9788081530432  |q (brož.) 
035 |a 0FA3B334-B3AA-444B-BC92-87DCC4DF3998 
035 |a urn:nbn:sk:snk-aml2s9 
035 |a urn:nbn:sk:snk-am008ln6 
040 |a SNK  |b slo  |c SNK  |e AACR2 
041 0 |a slo 
044 |a xo  |c SK 
072 7 |a 316.3  |x Globálne spoločnosti. Sociálna štruktúra. Sociálne skupiny  |2 konspekt 
072 7 |a 00  |x Veda. Všeobecnosti. Základy vedy a kultúry. Vedecká práca  |2 konspekt 
080 |a 316.3  |2 2001 
080 |a 001.83  |2 2001 
080 |a (0:82-4)  |2 2001 
100 1 |a Lahita, Štefan  |4 aut  |9 488834 
245 1 0 |a Beati pauperes a iné eseje  |c Štefan Lahita 
250 |a 1. vyd. 
260 |a [Bratislava]  |b Iris  |c 2015 
300 |a 95 s.  |c 21 cm 
500 |a Miesto vyd. podľa ISBN 
504 |a Bibliogr. odkazy ; pozn. 
650 0 7 |a spoločnosť  |x interdisciplinárne aspekty  |2 SNKPH  |9 488835 
650 0 7 |a Society  |x Interdisciplinary aspects  |2 SNKPHeng  |9 488836 
655 7 |a eseje  |2 SNKPH  |9 57030 
655 7 |a Essays  |2 SNKPHeng  |9 267540 
919 |a 978-80-8153-043-2 
999 |c 757639  |d 759569 
952 |a SNK  |b SNK  |y PREZ  |7 0  |p 17A1175824  |o snkSC 167246  |i snk2015/32831  |8 0  |0 0  |1 0  |4 0  |d 2015-12-07  |f 1  |l 0  |r 2026-02-23 23:53:59  |w 2026-02-23 
952 |a SNK  |b SNK  |y VYP  |7 0  |p 17A1175825  |o snkSC 167246 D1  |i snk2015/32832  |8 0  |0 0  |1 0  |4 0  |d 2015-12-07  |l 0  |r 2026-02-23 23:53:59  |w 2026-02-23